Bezpečnosť využitia obnoviteľných zdrojov energie pre výrobu bioplynu

Enregistré dans:
Détails bibliographiques
Auteur principal: Bobušová, Monika, 1988- (Auteur)
Autres auteurs: Kuracina, Richard, 1979- (Directeur de thèse)
Format: Manuscrit Livre
Langue:slovaque
Publié: Trnava : STU v Bratislave MTF UBEI, 2012
Sujets:
Accès en ligne:VAIS
Tags: Ajouter un tag
Pas de tags, Soyez le premier à ajouter un tag!

MARC

LEADER 00000ntm a22000003a 4500
001 stu249072
005 20160719160705.3
008 120620s2012----xo------------------slo-d
040 |a STU  |b slo 
041 0 |a slo 
044 |a xo 
100 1 |a Bobušová, Monika,  |d 1988-  |4 aut  |X 52207  |7 A000052207 
242 0 0 |a Safety in the use of renewable energy sources for biogas production  |y eng 
245 1 |a Bezpečnosť využitia obnoviteľných zdrojov energie pre výrobu bioplynu 
260 |a Trnava :  |b STU v Bratislave MTF UBEI,  |c 2012 
300 |a 72 s  |c príl 
650 7 |a integrovaná bezpečnosť  |2 stusub 
650 7 |a Integrated Safety  |2 estusub 
650 7 |a biogas  |2 estusub 
650 7 |a renewable energy sources  |2 estusub 
650 7 |a risk analysis  |2 estusub 
650 7 |a biomass  |2 estusub 
650 7 |a analýza rizík  |2 stusub 
650 7 |a bioplyn  |2 stusub 
650 7 |a biomasa  |2 stusub 
650 7 |a obnoviteľné zdroje energie  |2 stusub 
700 1 |a Kuracina, Richard,  |d 1979-  |4 ths  |u M5000  |U MTF Materiálovotechnologická fakulta  |T MTF Ústav bezpečnosti, environmentu a kvality  |X 38282  |U M5000  |Y 85  |7 A000038282 
856 4 |a info a plný text  |u http://is.stuba.sk/zp/portal_zp.pl?podrobnosti=79581  |3 VAIS 
996 |c M*DP-10494  |l MMSKP  |s P  |a 0  |w stu249072_0001